| 000 | 00547ntaaa2200217 4500 | ||
|---|---|---|---|
| 003 | 01 | ||
| 005 | 20251027201537.0 | ||
| 008 | 0714s1973 ag 01 | ||
| 040 |
_aAR-BaBN _bspa _cAR-BaBN _eaacr _dRIC |
||
| 082 | _a227.8500 H53 | ||
| 100 |
_aHiebert, D. Edmond _913448 |
||
| 245 | _aTitus and Philemon | ||
| 250 | _a1 ed. | ||
| 260 |
_aChicago : _bMoody, _c1957 |
||
| 300 | _a128 p. | ||
| 650 |
_aBiblia-Nuevo Testamento-Tito _94443 |
||
| 650 |
_aTito _96501 |
||
| 650 |
_aBiblia-N.T.-Filemón _912353 |
||
| 650 |
_aFilemón _94407 |
||
| 942 | _cBK | ||
| 999 |
_c10042 _d10042 |
||